Statistics for מדינות ארצות הברית

Click here to take the quiz!

General Stats

  • This quiz has been taken 10 times
  • The average score is 27 of 50

Answers on the Map

Answers color-coded by a green-red scale on the quiz's map according to % correct below.
 

Answer Stats

מדינה% Correct
מיין
83%
ניו יורק
83%
אלבמה
67%
ניו מקסיקו
67%
ניו המפשייר
67%
נבדה
67%
נברסקה
67%
אלסקה
67%
קרוליינה הצפונית
67%
דקוטה הצפונית
67%
מישיגן
67%
אוהיו
67%
אוקלהומה
67%
קרוליינה הדרומית
67%
טקסס
67%
יוטה
67%
וירג'יניה
67%
הוואי
67%
ג'ורג'ה
67%
פלורידה
67%
דלאוור
67%
וושינגטון
67%
מערב וירג'יניה
67%
קליפורניה
67%
אריזונה
67%
ניו ג'רזי
67%
דקוטה הדרומית
67%
רוד איילנד
50%
אורגון
50%
וויסקונסין
50%
מונטנה
50%
קנזס
50%
קולורדו
50%
איידהו
50%
אינדיאנה
50%
מיזורי
33%
ארקנסו
33%
אילינוי
33%
מיסיסיפי
33%
איווה
33%
פנסילבניה
33%
מרילנד
33%
מסצ'וסטס
33%
מינסוטה
33%
וויומינג
33%
קנטקי
17%
טנסי
17%
לואיזיאנה
17%
ורמונט
17%
קונקטיקט
17%

Score Distribution

Percentile by Number Answered

Percent of People with Each Score

Your Score History

You have not taken this quiz